[Event "The Irish Championship 2020"]
[Site "Colaiste Eanna, Dublin, Ireland"]
[Date "2020.08.01"]
[Round "1"]
[Board "1"]
[White "Kanyamarala, Tarun"]
[Black "McHugh, Kevin"]
[Result "1-0"]
[WhiteElo "2381"]
[BlackElo "2010"]
[PlyCount "69"]
[EventDate "2020.08.01"]
[EventRounds "9"]
[EventCountry "IRL"]

1. e4 e6 2. d4 d5 3. Nc3 Nf6 4. e5 Nfd7 5. f4 c5 6. Nf3 Nc6 7. Be3 a6 8. Qd2 b5
9. Be2 b4 10. Nd1 cxd4 11. Nxd4 Nxd4 12. Bxd4 {[%emt 0:00:00]} a5 {[%emt 0:00:
00]} 13. Ne3 Bc5 14. O-O-O Bxd4 15. Qxd4 Qb6 16. h4 Qxd4 17. Rxd4 {[%emt 0:00:
00]} h5 {[%emt 0:00:00]} 18. Kd2 {[%emt 0:00:00]} Ba6 19. Bf3 Nb6 20. Ra1 Bc8
21. a3 bxa3 22. Rxa3 Ra6 23. Be2 Ra8 24. Rb3 Nd7 25. Rb5 a4 26. c4 Ba6 27. Ra5
Rb8 28. Rxa6 Nc5 29. Ra7 Nb3+ 30. Kc3 Nxd4 31. Kxd4 O-O 32. cxd5 Rxb2 33. Bc4
exd5 34. Bxd5 Rd2+ 35. Ke4  1-0

[Event "The Irish Championship 2020"]
[Site "Colaiste Eanna, Dublin, Ireland"]
[Date "2020.08.01"]
[Round "1"]
[Board "2"]
[White "Carroll, Peter"]
[Black "O'Gorman, Tom"]
[Result "0-1"]
[WhiteElo "2009"]
[BlackElo "2345"]
[PlyCount "76"]
[EventDate "2020.08.01"]
[EventRounds "9"]
[EventCountry "IRL"]

1. e4 c5 2. Nf3 d6 3. d4 cxd4 4. Nxd4 Nf6 5. Nc3 a6 6. h4 e5 7. Nb3 Be6 8. f4
exf4 {[%emt 0:00:00]} 9. Bxf4 {[%emt 0:00:00]} Be7 10. Nd4 O-O 11. Nxe6 fxe6
12. Bc4 {[%emt 0:00:00]} Qc8 {[%emt 0:00:00]} 13. Bb3 {[%emt 0:00:00]} Nxe4 14.
Qg4 Nc5 15. O-O-O Nxb3+ 16. axb3 e5 17. Qxc8 Rxc8 18. Bg5 Bxg5+ 19. hxg5 Rd8
20. Nd5 Nc6 21. Nc7 Rac8 22. Ne6 Rd7 23. Nc5 Re7 24. Rxd6 Nb4 25. Rf1 Nxc2 26.
Kxc2 Rxc5+ 27. Kd3 Re8 28. Ke4 Rc2 29. g3 Re2+ 30. Kf3 Rxb2 31. Kg4 Rxb3 32.
Rd7 Rb6 33. Rff7 Rg6 34. Kh5 b6 35. g4 e4 36. Rf4 e3 37. Rdf7 e2 38. Rf2 e1=R
 0-1

[Event "The Irish Championship 2020"]
[Site "Colaiste Eanna, Dublin, Ireland"]
[Date "2020.08.01"]
[Round "1"]
[Board "3"]
[White "Fitzsimons, David"]
[Black "Melaugh, Gavin"]
[Result "1-0"]
[WhiteElo "2334"]
[BlackElo "2003"]
[PlyCount "73"]
[EventDate "2020.08.01"]
[EventRounds "9"]
[EventCountry "IRL"]

1. d4 Nf6 2. Nf3 e6 3. g3 b6 4. Bg2 Bb7 5. O-O Be7 6. c4 O-O 7. Nc3 d6 {[%emt
0:00:00]} 8. d5 e5 9. e4 Nbd7 10. Ne1 Re8 11. Be3 Bf8 12. b4 a5 13. a3 axb4 14.
axb4 Rxa1 15. Qxa1 Ng4 16. Bd2 g6 17. Qc1 Bg7 18. f3 Ngf6 {[%emt 0:00:00]} 19.
Nd3 {[%emt 0:00:00]} Qe7 20. Be3 Rc8 21. Nb5 c6 22. Na7 Rc7 23. dxc6 Bxc6 24.
Qa3 Ne8 25. Rc1 Qe6 26. Nxc6 Rxc6 27. Qa8 Rc7 28. b5 Kf8 29. Bf1 Nc5 30. Qa3 f5
31. Bh3 Nf6 32. Nb4 Nfd7 33. Qa8+ Kf7 34. Na6 Nxa6 35. bxa6 Nc5 36. a7 Rc8 37.
Qb8  1-0

[Event "The Irish Championship 2020"]
[Site "Colaiste Eanna, Dublin, Ireland"]
[Date "2020.08.01"]
[Round "1"]
[Board "4"]
[White "Byrne, Alex"]
[Black "Delaney, Killian"]
[Result "1-0"]
[WhiteElo "1976"]
[BlackElo "2314"]
[PlyCount "103"]
[EventDate "2020.08.01"]
[EventRounds "9"]
[EventCountry "IRL"]

1. e4 c5 2. a3 g6 3. b4 Bg7 4. Nc3 b6 5. Rb1 Nc6 6. g3 e6 7. Bg2 Nge7 8. bxc5 {
[%emt 0:00:00]} bxc5 {[%emt 0:00:00]} 9. a4 {[%emt 0:00:00]} O-O 10. Nge2 {
[%emt 0:00:00]} d5 11. exd5 exd5 12. Ba3 d4 {[%emt 0:00:00]} 13. Ne4 c4 14. O-O
d3 15. cxd3 Qxd3 16. Bxe7 Nxe7 17. Nc5 Qd6 18. Bxa8 Qxc5 19. Be4 Rd8 20. Qc2
Bh6 21. d4 Qd6 22. Nc3 a6 23. Qe2 Bh3 24. Rfd1 Rc8 25. Bb7 Rd8 26. Qxc4 Nf5 27.
Ne4 Qa3 28. Nf6+ Kg7 29. Qc7 Bg5 30. Qxd8 Bxf6 31. Qd7 Bg4 32. Bd5 Nh6 33. Qc6
Bxd1 34. Rxd1 Bxd4 35. Qc4 Bc5 36. Rd3 Qa1+ 37. Kg2 Bb6 38. Qc3+ Qxc3 39. Rxc3
a5 40. Rc6 Bd4 41. Rc7 g5 42. h3 Kg6 43. g4 Kf6 44. Rc6+ Kg7 45. Kf3 Ng8 46.
Rc7 Nh6 47. Ke2 Kf6 48. Rc6+ Kg7 49. f3 f5 50. Rc7+ Kf8 51. Rxh7 Bg7 52. Kd3
 1-0

[Event "The Irish Championship 2020"]
[Site "Colaiste Eanna, Dublin, Ireland"]
[Date "2020.08.01"]
[Round "1"]
[Board "5"]
[White "O'Donnell, Conor"]
[Black "Cafolla, Peter"]
[Result "1-0"]
[WhiteElo "2304"]
[BlackElo "1955"]
[PlyCount "61"]
[EventDate "2020.08.01"]
[EventRounds "9"]
[EventCountry "IRL"]

1. d4 d5 2. c4 Nc6 3. Nf3 Bg4 4. cxd5 Bxf3 5. gxf3 Qxd5 6. e3 e5 7. Nc3 Bb4 8.
Bd2 Bxc3 9. bxc3 Nge7 10. c4 Qd6 11. d5 Nb8 12. Qb3 b6 13. Bb4 Qd7 {[%emt 0:09:
50]} 14. h4 c5 15. Bc3 Qd6 16. Rg1 Nd7 17. Bh3 f5 18. Rxg7 Qf6 19. Rg5 h6 20.
Rg3 Rf8 21. f4 Qxh4 22. fxe5 a6 23. e6 Nf6 24. d6 Rg8 25. Rxg8+ Nexg8 26. Bxf5
Qh1+ 27. Kd2 Ne4+ 28. Bxe4 Qxe4 29. Qxb6 Qf3 30. Rf1 Rd8 31. Ba5  1-0

[Event "The Irish Championship 2020"]
[Site "Colaiste Eanna, Dublin, Ireland"]
[Date "2020.08.01"]
[Round "1"]
[Board "6"]
[White "Casey, Eoghan"]
[Black "Brady, Stephen"]
[Result "1-0"]
[WhiteElo "1954"]
[BlackElo "2290"]
[PlyCount "53"]
[EventDate "2020.08.01"]
[EventRounds "9"]
[EventCountry "IRL"]

1. d4 {[%emt 0:00:08]} Nf6 {[%emt 0:00:03]} 2. Bf4 {[%emt 0:00:26]} g6 {[%emt
0:00:17]} 3. Nc3 {[%emt 0:00:06]} Bg7 {[%emt 0:00:08]} 4. e4 {[%emt 0:00:08]}
d6 {[%emt 0:00:04]} 5. Qd2 {[%emt 0:00:22]} O-O {[%emt 0:00:02]} 6. O-O-O {
[%emt 0:00:26]} c6 {[%emt 0:00:48]} 7. f3 {[%emt 0:00:26]} b5 {[%emt 0:02:12]}
8. Bh6 {[%emt 0:00:38]} Qa5 {[%emt 0:16:03]} 9. h4 {[%emt 0:29:44]} b4 {[%emt
0:00:02]} 10. Nb1 {[%emt 0:01:13]} Nbd7 {[%emt 0:39:15]} 11. h5 {[%emt 0:09:58]
} Nxh5 {[%emt 0:26:40]} 12. g4 {[%emt 0:00:50]} Nhf6 {[%emt 0:07:25]} 13. Bxg7
{[%emt 0:07:22]} Kxg7 {[%emt 0:00:00]} 14. Qh6+ {[%emt 0:00:34]} Kh8 {[%emt 0:
10:49]} 15. e5 {[%emt 0:07:09]} dxe5 {[%emt 0:09:42]} 16. g5 {[%emt 0:09:22]}
Nh5 {[%emt 0:01:53]} 17. Rxh5 {[%emt 0:06:28]} gxh5 {[%emt 0:00:18]} 18. Bd3 {
[%emt 0:01:16]} e4 {[%emt 0:06:51]} 19. Bxe4 {[%emt 0:00:47]} f5 {[%emt 0:02:
32]} 20. g6 {[%emt 0:00:46]} Rf7 {[%emt 0:00:09]} 21. gxf7 {[%emt 0:00:44]} Bb7
{[%emt 0:00:11]} 22. Bxc6 {[%emt 0:02:01]} Qb6 {[%emt 0:03:13]} 23. d5 {[%emt
0:00:35]} Nf8 {[%emt 0:03:20]} 24. Qxh5 {[%emt 0:00:43]} Bxc6 {[%emt 0:00:22]}
25. dxc6 {[%emt 0:00:03]} Qc5 {[%emt 0:03:27]} 26. c7 {[%emt 0:01:06]} Rc8 {
[%emt 0:00:28]} 27. Qg5  1-0

[Event "The Irish Championship 2020"]
[Site "Colaiste Eanna, Dublin, Ireland"]
[Date "2020.08.01"]
[Round "1"]
[Board "7"]
[White "Daly, Colm"]
[Black "Venkatesan, Kavin"]
[Result "1-0"]
[WhiteElo "2248"]
[BlackElo "1946"]
[PlyCount "75"]
[EventDate "2020.08.01"]
[EventRounds "9"]
[EventCountry "IRL"]

1. e4 c5 2. Nf3 d6 3. d4 cxd4 4. Nxd4 Nf6 5. Nc3 a6 6. Bg5 Nbd7 7. f4 Qc7 8.
Qe2 e6 9. O-O-O Be7 10. g4 b5 11. a3 Bb7 12. Bg2 h6 13. Bxf6 {[%emt 0:00:00]}
gxf6 {[%emt 0:54:48]} 14. Rhe1 {[%emt 0:35:12]} Nb6 {[%emt 0:01:06]} 15. Nd5 {
[%emt 0:00:00]} exd5 16. exd5 Nc8 17. Nf5 Ra7 18. Rd3 a5 19. Re3 Ba6 20. Nxe7
Nxe7 21. Rxe7+ Qxe7 22. Qf2 O-O 23. Rxe7 Rxe7 24. Qb6 Bc8 25. Bf3 Rfe8 26. Qxa5
Rb7 27. Qc3 f5 28. h3 Rbe7 29. Kd2 fxg4 30. hxg4 Bb7 31. Qf6 Re3 32. g5 hxg5
33. Bh5 R3e7 34. Qxg5+ Kh7 35. Bg4 Bc8 36. Qh5+ Kg8 37. Bxc8 Rxc8 38. Qg4+  1-0

[Event "The Irish Championship 2020"]
[Site "Colaiste Eanna, Dublin, Ireland"]
[Date "2020.08.01"]
[Round "1"]
[Board "8"]
[White "Lyons, Brendan"]
[Black "Kanyamarala, Trisha"]
[Result "0-1"]
[WhiteElo "1941"]
[BlackElo "2193"]
[PlyCount "72"]
[EventDate "2020.08.01"]
[EventRounds "9"]
[EventCountry "IRL"]

1. e4 {[%emt 0:21:26]} c5 {[%emt 0:00:00]} 2. Nc3 {[%emt 0:00:00]} Nc6 {[%emt
0:00:00]} 3. Bb5 {[%emt 0:00:00]} Nd4 {[%emt 0:00:00]} 4. Nf3 {[%emt 0:00:00]}
a6 {[%emt 0:00:00]} 5. Bd3 {[%emt 0:00:00]} Nc6 {[%emt 0:00:00]} 6. Be2 {[%emt
0:00:00]} Nf6 {[%emt 0:04:56]} 7. d4 {[%emt 0:02:46]} cxd4 {[%emt 0:00:14]} 8.
Nxd4 {[%emt 0:00:35]} d6 {[%emt 0:01:19]} 9. Nxc6 {[%emt 0:11:29]} bxc6 {[%emt
0:00:09]} 10. Be3 {[%emt 0:00:46]} e5 {[%emt 0:04:23]} 11. Qd2 {[%emt 0:08:30]}
Ng4 {[%emt 0:19:06]} 12. Bg5 {[%emt 0:05:52]} Qb6 {[%emt 0:03:13]} 13. Bxg4 {
[%emt 0:39:38]} Bxg4 {[%emt 0:03:33]} 14. Be3 {[%emt 0:00:54]} Qa5 {[%emt 0:06:
37]} 15. f4 {[%emt 0:18:49]} Be7 {[%emt 0:17:09]} 16. f5 {[%emt 0:05:24]} f6 {
[%emt 0:02:36]} 17. Qf2 {[%emt 0:00:32]} Bh5 {[%emt 0:10:18]} 18. O-O {[%emt 0:
02:07]} Bf7 {[%emt 0:05:39]} 19. a3 Rb8 20. b4 Qc7 21. Na4 Qb7 22. Rfd1 O-O 23.
Nb2 c5 24. Nd3 c4 25. Nc1 Qxe4 26. Na2 Rfd8 27. Nc3 Qc6 28. Rab1 d5 29. Bc5
Bxc5 30. bxc5 d4 31. Rb6 Rxb6 32. cxb6 dxc3 33. Rb1 Qb7 34. Qc5 Rd2 35. Qc8+
Qxc8 36. b7 Qb8  0-1

[Event "The Irish Championship 2020"]
[Site "Colaiste Eanna, Dublin, Ireland"]
[Date "2020.08.01"]
[Round "1"]
[Board "9"]
[White "Wallace, Paul"]
[Black "Mirza, Diana"]
[Result "1-0"]
[WhiteElo "2168"]
[BlackElo "1939"]
[PlyCount "117"]
[EventDate "2020.08.01"]
[EventRounds "9"]
[EventCountry "IRL"]

1. e4 {[%emt 0:14:25]} c5 {[%emt 0:00:15]} 2. Nf3 {[%emt 0:00:09]} e6 {[%emt 0:
00:13]} 3. d4 {[%emt 0:00:24]} cxd4 4. Nxd4 a6 {[%emt 0:00:27]} 5. Bd3 {[%emt
0:02:07]} Nf6 {[%emt 0:06:49]} 6. O-O {[%emt 0:00:21]} Qc7 {[%emt 0:00:47]} 7.
Qe2 {[%emt 0:05:12]} d5 {[%emt 0:06:35]} 8. e5 {[%emt 0:07:22]} Nfd7 {[%emt 0:
00:49]} 9. Bf4 {[%emt 0:01:14]} Nc6 {[%emt 0:09:44]} 10. Nxc6 {[%emt 0:04:52]}
bxc6 {[%emt 0:02:49]} 11. c4 {[%emt 0:08:43]} g6 {[%emt 0:19:05]} 12. Nd2 {
[%emt 0:06:54]} Bg7 {[%emt 0:00:22]} 13. Nf3 {[%emt 0:02:48]} O-O {[%emt 0:01:
24]} 14. Rac1 {[%emt 0:00:44]} Qb8 {[%emt 0:07:42]} 15. cxd5 {[%emt 0:10:11]}
cxd5 {[%emt 0:00:17]} 16. Rc2 {[%emt 0:00:57]} Bb7 {[%emt 0:14:56]} 17. Rfc1 {
[%emt 0:00:26]} Nb6 {[%emt 0:04:35]} 18. Qe3 {[%emt 0:15:22]} Nc4 {[%emt 0:04:
46]} 19. Bxc4 {[%emt 0:07:40]} dxc4 {[%emt 0:00:15]} 20. Nd2 {[%emt 0:10:03]}
Bd5 {[%emt 0:02:24]} 21. Qe2 {[%emt 0:02:39]} Qb7 {[%emt 0:09:41]} 22. f3 {
[%emt 0:00:27]} Qb5 {[%emt 0:04:08]} 23. Nxc4 {[%emt 0:02:01]} Bxc4 {[%emt 0:
04:28]} 24. Rxc4 {[%emt 0:01:28]} Rac8 {[%emt 0:06:50]} 25. b3 {[%emt 0:03:53]}
Rxc4 {[%emt 0:09:25]} 26. Rxc4 {[%emt 0:00:42]} h5 {[%emt 0:01:18]} 27. Rc2 {
[%emt 0:07:05]} Qxe2 {[%emt 0:01:57]} 28. Rxe2 {[%emt 0:00:02]} Rc8 {[%emt 0:
02:49]} 29. Re4 {[%emt 0:07:33]} Rc5 {[%emt 0:04:50]} 30. Ra4 {[%emt 0:01:07]}
Rc6 {[%emt 0:14:14]} 31. Kf2 {[%emt 0:03:28]} g5 {[%emt 0:01:27]} 32. Bxg5 {
[%emt 0:00:34]} Bxe5 {[%emt 0:00:14]} 33. Rc4 {[%emt 0:01:58]} Rd6 {[%emt 0:03:
30]} 34. h3 {[%emt 0:00:54]} Kg7 {[%emt 0:01:09]} 35. Ke2 {[%emt 0:00:44]} Rd5
{[%emt 0:03:34]} 36. Bf4 {[%emt 0:05:30]} Kf6 {[%emt 0:03:03]} 37. Ke3 {[%emt
0:03:51]} Ra5 {[%emt 0:01:21]} 38. a4 {[%emt 0:01:20]} Bxf4+ {[%emt 0:00:25]}
39. Rxf4+ {[%emt 0:00:52]} Kg6 {[%emt 0:00:13]} 40. Rb4 {[%emt 0:08:59]} e5 {
[%emt 0:00:35]} 41. Rb6+ {[%emt 0:01:41]} f6 {[%emt 0:00:42]} 42. Ke4 {[%emt 0:
03:39]} h4 {[%emt 0:01:02]} 43. Rd6 {[%emt 0:00:42]} Kg5 {[%emt 0:01:23]} 44.
f4+ {[%emt 0:03:51]} exf4 {[%emt 0:01:04]} 45. Rd5+ {[%emt 0:00:06]} Rxd5 {
[%emt 0:01:24]} 46. Kxd5 {[%emt 0:00:03]} f3 {[%emt 0:00:30]} 47. gxf3 {[%emt
0:00:02]} Kf4 {[%emt 0:00:09]} 48. b4 {[%emt 0:00:06]} Kxf3 {[%emt 0:01:06]}
49. b5 {[%emt 0:00:14]} axb5 {[%emt 0:00:10]} 50. axb5 {[%emt 0:00:05]} Kg3 {
[%emt 0:00:57]} 51. b6 {[%emt 0:00:04]} Kxh3 {[%emt 0:00:15]} 52. b7 {[%emt 0:
00:02]} Kh2 {[%emt 0:00:22]} 53. b8=Q+ {[%emt 0:00:05]} Kg2 {[%emt 0:00:14]}
54. Qb2+ {[%emt 0:00:25]} Kh1 {[%emt 0:01:46]} 55. Qxf6 {[%emt 0:00:15]} h3 {
[%emt 0:00:14]} 56. Qf1+ {[%emt 0:00:07]} Kh2 {[%emt 0:00:14]} 57. Qf2+ {[%emt
0:00:04]} Kh1 {[%emt 0:00:11]} 58. Qf3+ {[%emt 0:00:04]} Kh2 {[%emt 0:00:13]}
59. Qg4  1-0

[Event "The Irish Championship 2020"]
[Site "Colaiste Eanna, Dublin, Ireland"]
[Date "2020.08.01"]
[Round "1"]
[Board "10"]
[White "MacElligott, Gerard"]
[Black "Collins, Sam"]
[Result "0-1"]
[WhiteElo "2020"]
[BlackElo "2459"]
[PlyCount "42"]
[EventDate "2020.08.01"]
[EventRounds "9"]
[EventCountry "IRL"]

1. d4 {[%emt 0:00:16]} d5 {[%emt 0:00:19]} 2. Bf4 {[%emt 0:00:52]} Nf6 {[%emt
0:01:14]} 3. e3 {[%emt 0:00:31]} e6 {[%emt 0:00:32]} 4. Nd2 {[%emt 0:03:46]}
Bd6 {[%emt 0:00:43]} 5. Bg3 {[%emt 0:01:48]} O-O {[%emt 0:01:07]} 6. Bd3 {
[%emt 0:01:15]} c5 {[%emt 0:01:25]} 7. c3 {[%emt 0:00:27]} Qc7 {[%emt 0:02:09]}
8. Ngf3 {[%emt 0:25:33]} Nbd7 {[%emt 0:04:54]} 9. Bxd6 {[%emt 0:09:22]} Qxd6 {
[%emt 0:03:27]} 10. O-O {[%emt 0:27:24]} e5 {[%emt 0:02:47]} 11. e4 {[%emt 0:
08:18]} cxd4 {[%emt 0:16:02]} 12. cxd4 {[%emt 0:04:31]} exd4 {[%emt 0:01:19]}
13. exd5 {[%emt 0:05:19]} Nxd5 {[%emt 0:04:20]} 14. Nc4 {[%emt 0:06:50]} Qf6 {
[%emt 0:08:15]} 15. Nxd4 {[%emt 0:04:15]} Nf4 {[%emt 0:03:16]} 16. Re1 {[%emt
0:12:18]} Nc5 {[%emt 0:11:14]} 17. Bf1 {[%emt 0:00:54]} Rd8 {[%emt 0:02:02]}
18. Nb3 {[%emt 0:06:33]} Be6 {[%emt 0:03:42]} 19. Nxc5 {[%emt 0:04:42]} Rxd1 {
[%emt 0:00:30]} 20. Raxd1 {[%emt 0:00:16]} Bxc4 {[%emt 0:02:22]} 21. Bxc4 {
[%emt 0:04:17]} Qg5 {[%emt 0:01:22]}  0-1

[Event "The Irish Championship 2020"]
[Site "Colaiste Eanna, Dublin, Ireland"]
[Date "2020.08.01"]
[Round "1"]
[Board "11"]
[White "Peoples, Jonathon"]
[Black "Melaugh, Shane"]
[Result "0-1"]
[WhiteElo "1932"]
[BlackElo "2161"]
[PlyCount "62"]
[EventDate "2020.08.01"]
[EventRounds "9"]
[EventCountry "IRL"]

1. e4 {[%emt 0:00:00]} c5 {[%emt 0:06:17]} 2. Nf3 {[%emt 0:00:04]} Nc6 {[%emt
0:00:06]} 3. Bb5 {[%emt 0:00:04]} g6 {[%emt 0:00:08]} 4. O-O {[%emt 0:00:06]}
Bg7 {[%emt 0:00:03]} 5. Re1 {[%emt 0:00:05]} e5 {[%emt 0:00:13]} 6. c3 {[%emt
0:08:02]} Nge7 {[%emt 0:00:56]} 7. d3 {[%emt 0:01:20]} d6 {[%emt 0:05:10]} 8.
Be3 {[%emt 0:11:09]} O-O {[%emt 0:00:16]} 9. a3 {[%emt 0:07:19]} h6 {[%emt 0:
06:36]} 10. b4 {[%emt 0:14:02]} b6 {[%emt 0:00:08]} 11. Bxc6 {[%emt 0:05:28]}
Nxc6 {[%emt 0:03:30]} 12. d4 {[%emt 0:06:20]} cxd4 {[%emt 0:01:10]} 13. cxd4 {
[%emt 0:00:06]} exd4 {[%emt 0:02:53]} 14. Nxd4 {[%emt 0:00:22]} Qf6 {[%emt 0:
01:21]} 15. Nb3 {[%emt 0:06:47]} Be6 {[%emt 0:13:10]} 16. N1d2 {[%emt 0:09:06]}
d5 {[%emt 0:02:56]} 17. b5 {[%emt 0:09:35]} Ne5 {[%emt 0:07:18]} 18. Bd4 {
[%emt 0:03:34]} Qd8 {[%emt 0:00:49]} 19. f4 {[%emt 0:11:05]} Nd3 {[%emt 0:01:
20]} 20. Bxg7 {[%emt 0:01:43]} Kxg7 {[%emt 0:00:05]} 21. exd5 {[%emt 0:04:12]}
Qxd5 {[%emt 0:03:45]} 22. Re4 {[%emt 0:03:52]} Qxb5 {[%emt 0:02:25]} 23. Nd4 {
[%emt 0:01:33]} Qd5 {[%emt 0:01:57]} 24. Qc2 {[%emt 0:05:50]} Nc5 {[%emt 0:03:
21]} 25. Qc3 {[%emt 0:01:00]} Kh7 {[%emt 0:00:51]} 26. Re5 {[%emt 0:02:52]} Qd6
{[%emt 0:00:23]} 27. Rae1 {[%emt 0:02:07]} Rae8 {[%emt 0:08:20]} 28. f5 {[%emt
0:05:04]} Bd7 {[%emt 0:01:15]} 29. Nc4 {[%emt 0:03:20]} Qf6 {[%emt 0:00:57]}
30. fxg6+ {[%emt 0:06:02]} fxg6 {[%emt 0:00:06]} 31. Rxe8 {[%emt 0:01:00]} Qf2+
{[%emt 0:00:25]}  0-1

[Event "The Irish Championship 2020"]
[Site "Colaiste Eanna, Dublin, Ireland"]
[Date "2020.08.01"]
[Round "1"]
[Board "12"]
[White "Putar, Leon"]
[Black "Murray, David"]
[Result "1/2-1/2"]
[WhiteElo "1894"]
[BlackElo "2152"]
[PlyCount "117"]
[EventDate "2020.08.01"]
[EventRounds "9"]
[EventCountry "IRL"]

1. e4 {[%emt 0:00:12]} c5 {[%emt 0:00:08]} 2. Nf3 {[%emt 0:00:36]} d6 {[%emt 0:
00:13]} 3. c3 {[%emt 0:00:47]} Nf6 {[%emt 0:00:44]} 4. h3 {[%emt 0:00:57]} Nc6
{[%emt 0:04:43]} 5. Bd3 {[%emt 0:03:55]} d5 {[%emt 0:02:52]} 6. exd5 {[%emt 0:
07:02]} Qxd5 {[%emt 0:02:24]} 7. Qe2 {[%emt 0:04:34]} Bf5 {[%emt 0:03:31]} 8.
Bxf5 {[%emt 0:06:16]} Qxf5 {[%emt 0:00:07]} 9. d4 {[%emt 0:02:01]} cxd4 {[%emt
0:03:31]} 10. Nxd4 {[%emt 0:06:59]} Nxd4 {[%emt 0:01:48]} 11. cxd4 {[%emt 0:00:
44]} Qd5 {[%emt 0:04:44]} 12. O-O {[%emt 0:01:59]} Qxd4 {[%emt 0:01:56]} 13.
Rd1 {[%emt 0:02:56]} Qe4 {[%emt 0:09:01]} 14. Be3 {[%emt 0:02:05]} e6 {[%emt 0:
01:29]} 15. Nc3 {[%emt 0:01:03]} Qe5 {[%emt 0:04:11]} 16. Qb5+ {[%emt 0:14:30]}
Qxb5 {[%emt 0:00:31]} 17. Nxb5 {[%emt 0:00:03]} Nd5 {[%emt 0:02:26]} 18. Rxd5 {
[%emt 0:00:29]} exd5 {[%emt 0:00:10]} 19. Nc7+ {[%emt 0:00:04]} Kd7 {[%emt 0:
00:37]} 20. Nxa8 {[%emt 0:00:29]} Bd6 {[%emt 0:02:53]} 21. Rd1 {[%emt 0:01:23]}
Rxa8 {[%emt 0:03:50]} 22. Rxd5 {[%emt 0:00:56]} Ke6 {[%emt 0:02:34]} 23. Rd2 {
[%emt 0:01:01]} b5 {[%emt 0:03:41]} 24. Rc2 {[%emt 0:17:52]} Kd5 {[%emt 0:03:
46]} 25. Kf1 {[%emt 0:08:29]} a6 {[%emt 0:02:07]} 26. Rd2+ {[%emt 0:01:13]} Ke6
{[%emt 0:01:40]} 27. Rc2 {[%emt 0:02:23]} Be5 {[%emt 0:01:46]} 28. g4 {[%emt 0:
04:42]} g6 {[%emt 0:05:04]} 29. f4 {[%emt 0:01:56]} Bd6 {[%emt 0:02:22]} 30.
Ke2 {[%emt 0:01:16]} f5 {[%emt 0:02:11]} 31. b3 {[%emt 0:01:20]} Kd7 {[%emt 0:
02:16]} 32. Kf3 {[%emt 0:02:08]} Re8 {[%emt 0:07:57]} 33. gxf5 {[%emt 0:03:21]}
gxf5 {[%emt 0:00:26]} 34. Rg2 {[%emt 0:00:16]} Ke6 {[%emt 0:01:20]} 35. Rg7 {
[%emt 0:09:20]} Rc8 {[%emt 0:05:15]} 36. Ra7 {[%emt 0:11:43]} Rc6 {[%emt 0:01:
02]} 37. Bd4 {[%emt 0:01:17]} Kd5 {[%emt 0:00:42]} 38. Bh8 {[%emt 0:01:44]} Bc7
{[%emt 0:02:30]} 39. h4 {[%emt 0:01:10]} a5 {[%emt 0:07:30]} 40. h5 {[%emt 0:
07:54]} Rc2 {[%emt 0:03:07]} 41. h6 {[%emt 0:06:03]} Rc6 {[%emt 0:06:13]} 42.
Ba1 {[%emt 0:02:09]} Rc1 {[%emt 0:05:47]} 43. Bh8 {[%emt 0:01:34]} Rf1+ {[%emt
0:01:03]} 44. Kg2 {[%emt 0:01:08]} Rf2+ {[%emt 0:02:24]} 45. Kg3 {[%emt 0:01:
38]} Rc2 {[%emt 0:01:46]} 46. Kf3 {[%emt 0:04:09]} b4 {[%emt 0:02:11]} 47. Be5
{[%emt 0:00:29]} Bxe5 {[%emt 0:03:33]} 48. fxe5 {[%emt 0:00:06]} Kxe5 {[%emt 0:
04:30]} 49. Rxh7 {[%emt 0:00:40]} Kf6 {[%emt 0:10:00]} 50. Ra7 {[%emt 0:00:39]}
Rxa2 {[%emt 0:02:38]} 51. Kg3 {[%emt 0:01:28]} Rd2 {[%emt 0:00:52]} 52. h7 {
[%emt 0:01:09]} Rd8 {[%emt 0:00:10]} 53. Rxa5 {[%emt 0:00:16]} Rd3+ {[%emt 0:
02:17]} 54. Kf4 {[%emt 0:01:07]} Kg7 {[%emt 0:01:16]} 55. Ra7+ {[%emt 0:00:15]}
Kh8 {[%emt 0:00:16]} 56. Kxf5 {[%emt 0:01:02]} Rxb3 {[%emt 0:00:35]} 57. Kg6 {
[%emt 0:00:07]} Rg3+ {[%emt 0:00:12]} 58. Kh6 {[%emt 0:00:07]} Rh3+ {[%emt 0:
00:08]} 59. Kg6  1/2-1/2